00308nam a2200097Ia 4500008004100000020001800041100002500059245006700084260003900151300002000190180205s9999 xx 000 0 und d a9789712723278 aJuico, Margie Penson aCory :ban intimate portrait II selected tributes and eulogies aPasig CitybAnvil publishingc2010 aviii, 155 pages